[Event "Piestany Slovakia op-A"]
[Site "Piestany"]
[Date "2025.07.15"]
[Round "8"]
[White "Rupesh, Reddy Y"]
[Black "Ernst, Robert"]
[Result "0-1"]
[WhiteElo "2011"]
[BlackElo "2334"]
[PlyCount "70"]
[EventDate "2025.07.08"]
[EventType "swiss"]
[EventRounds "9"]
[EventCountry "SVK"]
[SourceTitle "CB29_2025"]
[SourceDate "2025.07.16"]
[SourceVersion "1"]
[SourceVersionDate "2025.07.16"]
[SourceQuality "1"]

1. d4 d5 2. c4 e6 3. Nc3 Bb4 4. cxd5 exd5 5. Bf4 Ne7 6. e3 c6 7. Bd3 Bf5 8. Nge2 0-0 9. 0-0 Bxd3 10. Qxd3 Bd6 11. a3 Bxf4 12. Nxf4 Nd7 13. Qc2 Re8 14. Nd3 a6 15. Rfe1 Nf5 16. Ne5 Nd6 17. Nxd7 Qxd7 18. Na4 Qe6 19. Nc5 Qf6 20. Rad1 Re7 21. f3 Rae8 22. Qf2 Qh6 23. Rd3 Nc4 24. f4 Qg6 25. Rb3 b6 26. Nxa6 Nxe3 27. Rxb6 h5 28. Rb8 Rxb8 29. Nxb8 Ng4 30. Qg3 h4 31. Qc3 Qc2 32. Rc1 Qf2+ 33. Kh1 Qxf4 34. g3 hxg3 35. hxg3 Qf2 0-1

[Event "Piestany Slovakia op-A"]
[Site "Piestany"]
[Date "2025.07.14"]
[Round "7"]
[White "Lang, Simon"]
[Black "Rupesh, Reddy Y"]
[Result "0-1"]
[WhiteElo "2241"]
[BlackElo "2011"]
[PlyCount "72"]
[EventDate "2025.07.08"]
[EventType "swiss"]
[EventRounds "9"]
[EventCountry "SVK"]
[SourceTitle "CB29_2025"]
[SourceDate "2025.07.16"]
[SourceVersion "1"]
[SourceVersionDate "2025.07.16"]
[SourceQuality "1"]

1. e4 c5 2. Nf3 d6 3. d4 cxd4 4. Nxd4 Nf6 5. Nc3 a6 6. Bg5 e6 7. f4 Qb6 8. Qd2 Nc6 9. Bxf6 gxf6 10. Nb3 Bd7 11. 0-0-0 0-0-0 12. Be2 h5 13. Rhf1 Na5 14. Nxa5 Qxa5 15. Qd4 Be7 16. Kb1 Kb8 17. Rd3 Bc6 18. Rfd1 h4 19. Qf2 f5 20. Bf3 fxe4 21. Bxe4 d5 22. Bf3 Qc7 23. Bg4 Rdg8 24. Bh3 f5 25. Ne2 Bf6 26. Nd4 Bd7 27. Re1 Qb6 28. c3 Rc8 29. Qe3 Rxc3 30. Nxe6 d4 31. Nxd4 Rxd3 32. Qxd3 Bxd4 33. b3 Bc6 34. Qxf5 Qb4 35. Rc1 Qd2 36. Qc2 Be4 0-1

[Event "Piestany Slovakia op-A"]
[Site "Piestany"]
[Date "2025.07.13"]
[Round "6"]
[White "Rupesh, Reddy Y"]
[Black "Gay, Lukas"]
[Result "1/2-1/2"]
[WhiteElo "2011"]
[BlackElo "2150"]
[PlyCount "89"]
[EventDate "2025.07.08"]
[EventType "swiss"]
[EventRounds "9"]
[EventCountry "SVK"]
[SourceTitle "CB29_2025"]
[SourceDate "2025.07.16"]
[SourceVersion "1"]
[SourceVersionDate "2025.07.16"]
[SourceQuality "1"]

1. d4 d5 2. c4 dxc4 3. Nc3 a6 4. e3 b5 5. a4 b4 6. Ne4 e6 7. Bxc4 Bb7 8. Bd3 f5 9. Ng3 Bxg2 10. N1e2 Bxh1 11. Nxh1 Bd6 12. Qb3 Qf6 13. Bc4 Ne7 14. Bxe6 Nbc6 15. a5 Nd8 16. Bc4 Bxh2 17. f4 Qh4+ 18. Nf2 Bg3 19. Nxg3 Qxg3 20. Ke2 h5 21. Bd2 Rh6 22. Bxb4 h4 23. d5 h3 24. Qa4+ c6 25. d6 Nc8 26. Rd1 Kd7 27. Qc2 Qg6 28. Bd5 cxd5 29. Qc7+ Ke6 30. d7 Ne7 31. Qd6+ Kf7 32. Qxe7+ Kg8 33. Rc1 Qh5+ 34. Kd3 Nc6 35. Rxc6 Rxc6 36. Bc3 Rg6 37. Nxh3 Qxh3 38. d8Q+ Rxd8 39. Qxd8+ Kh7 40. Qxd5 Qf1+ 41. Kd4 Qd1+ 42. Ke5 Qc2 43. Kd4 Qd1+ 44. Ke5 Qc2 45. Kd4 1/2-1/2

[Event "Titled Tuesday intern op 11th Mar Late"]
[Site "Chess.com INT"]
[Date "2025.03.11"]
[Round "3"]
[White "Chinchilla, Alejandro Jose"]
[Black "Rupesh, Reddy Y"]
[Result "1/2-1/2"]
[WhiteElo "2135"]
[BlackElo "2012"]
[PlyCount "62"]
[EventDate "2025.03.11"]
[EventType "swiss (blitz)"]
[EventRounds "11"]
[EventCountry "USA"]
[SourceTitle "CB12_2025"]
[SourceDate "2025.03.19"]
[SourceVersion "1"]
[SourceVersionDate "2025.03.19"]
[SourceQuality "1"]

1. e4 c5 2. Nf3 d6 3. d4 cxd4 4. Nxd4 Nf6 5. Nc3 a6 6. Be3 e5 7. Nb3 Be6 8. f3 Be7 9. Qd2 0-0 10. 0-0-0 h5 11. g4 hxg4 12. Rg1 Nbd7 13. h3 gxf3 14. Qf2 Re8 15. Qxf3 Nf8 16. h4 N6h7 17. Qg3 g6 18. h5 g5 19. Bh3 Bxh3 20. Qxh3 f6 21. Nd5 Qd7 22. Qf3 Qc6 23. Kb1 Rac8 24. Rd2 Ne6 25. Qf5 Ng7 26. Qg6 Nf8 27. Qh6 Nd7 28. Qg6 Kh8 29. Qh6+ Kg8 30. Qg6 Kh8 31. Qh6+ Kg8 1/2-1/2

[Event "Titled Tuesday intern op 11th Mar Late"]
[Site "Chess.com INT"]
[Date "2025.03.11"]
[Round "11"]
[White "Qin, Kevin"]
[Black "Rupesh, Reddy Y"]
[Result "0-1"]
[WhiteElo "2017"]
[BlackElo "2012"]
[PlyCount "142"]
[EventDate "2025.03.11"]
[EventType "swiss (blitz)"]
[EventRounds "11"]
[EventCountry "USA"]
[SourceTitle "CB12_2025"]
[SourceDate "2025.03.19"]
[SourceVersion "1"]
[SourceVersionDate "2025.03.19"]
[SourceQuality "1"]

1. c4 e6 2. Nc3 d6 3. e4 Nf6 4. d4 Be7 5. h3 0-0 6. g4 c5 7. d5 a6 8. a4 Re8 9. Nf3 exd5 10. cxd5 Bf8 11. Bd3 c4 12. Bc2 Nbd7 13. 0-0 Nc5 14. Re1 Nxg4 15. hxg4 Bxg4 16. Kg2 Qf6 17. Re3 Nd7 18. Qh1 g6 19. Bd2 h5 20. Rae1 Bh6 21. Qh2 Bf4 22. Qh1 Qg7 23. R3e2 Bxf3+ 24. Kxf3 Bxd2 25. Rxd2 Qf6+ 26. Kg2 Qg5+ 27. Kf1 Qxd2 28. Bd1 Nc5 29. Be2 Nd3 30. Bxd3 Qxd3+ 31. Kg1 Qd2 32. Kf1 Qxb2 33. Qf3 Re5 34. Ne2 Rae8 35. Nf4 Qd4 36. Ng2 Rxe4 37. Rd1 Qe5 38. Ne3 f5 39. Rc1 f4 40. Nxc4 Re1+ 41. Rxe1 Qxe1+ 42. Kg2 Qe4 43. Nd2 Qxf3+ 44. Kxf3 g5 45. Ne4 Rxe4 46. Kxe4 Kf7 47. Kf5 h4 48. Kg4 Kg6 49. f3 Kf6 50. a5 Kg6 51. Kh3 Kf5 52. Kg2 g4 53. fxg4+ Kxg4 54. Kh2 h3 55. Kg1 Kf3 56. Kh2 Ke4 57. Kxh3 Kxd5 58. Kg4 Kc5 59. Kxf4 Kb5 60. Ke4 Kxa5 61. Kd5 Kb4 62. Kxd6 b5 63. Kc7 a5 64. Kb6 a4 65. Ka6 a3 66. Kb6 a2 67. Kc6 a1Q 68. Kd5 Qc3 69. Ke6 Ka3 70. Kd5 b4 71. Ke4 b3 0-1

[Event "Titled Tuesday intern op 11th Mar Early"]
[Site "Chess.com INT"]
[Date "2025.03.11"]
[Round "2"]
[White "Souleidis, Georgios"]
[Black "Rupesh, Reddy Y"]
[Result "1-0"]
[WhiteElo "2418"]
[BlackElo "2012"]
[PlyCount "59"]
[EventDate "2025.03.11"]
[EventType "swiss (blitz)"]
[EventRounds "11"]
[EventCountry "USA"]
[SourceTitle "CB12_2025"]
[SourceDate "2025.03.19"]
[SourceVersion "1"]
[SourceVersionDate "2025.03.19"]
[SourceQuality "1"]

1. e4 c5 2. Be2 d6 3. f4 g6 4. Nf3 Bg7 5. 0-0 e6 6. c3 d5 7. d3 dxe4 8. dxe4 Qxd1 9. Rxd1 Ne7 10. Na3 0-0 11. Nb5 Nbc6 12. Be3 b6 13. Nd6 Rd8 14. Rd2 Nd4 15. cxd4 Rxd6 16. e5 Rd8 17. dxc5 Rxd2 18. Nxd2 Nd5 19. Kf2 Nxe3 20. Kxe3 Bf8 21. c6 a6 22. Bf3 Ra7 23. Ne4 Rc7 24. Rd1 Kg7 25. Nf6 Bc5+ 26. Ke2 Kh6 27. g4 g5 28. h4 gxh4 29. g5+ Kg7 30. Ne8+ 1-0

[Event "Titled Tuesday intern op 11th Mar Late"]
[Site "Chess.com INT"]
[Date "2025.03.11"]
[Round "6"]
[White "Yelisieiev, Yevhenii"]
[Black "Rupesh, Reddy Y"]
[Result "1-0"]
[WhiteElo "2421"]
[BlackElo "2012"]
[PlyCount "69"]
[EventDate "2025.03.11"]
[EventType "swiss (blitz)"]
[EventRounds "11"]
[EventCountry "USA"]
[SourceTitle "CB12_2025"]
[SourceDate "2025.03.19"]
[SourceVersion "1"]
[SourceVersionDate "2025.03.19"]
[SourceQuality "1"]

1. d4 g6 2. Nf3 Bg7 3. g3 e6 4. Bg2 Ne7 5. 0-0 0-0 6. c4 d5 7. Nc3 c6 8. b3 b6 9. Bb2 Ba6 10. Qd3 Nd7 11. e4 Rc8 12. Rfe1 c5 13. exd5 exd5 14. Nb5 Bxb5 15. cxb5 Nf5 16. Ne5 Nxe5 17. dxe5 d4 18. Bh3 Qd7 19. f4 Rcd8 20. a4 Qd5 21. Bxf5 gxf5 22. a5 f6 23. e6 Rfe8 24. axb6 axb6 25. Qc4 Qxc4 26. bxc4 Rd6 27. e7 Rd7 28. Ra6 Rdxe7 29. Rxe7 Rxe7 30. Rxb6 d3 31. Bc3 Rd7 32. Bd2 Bf8 33. Rxf6 Rd4 34. b6 Rxc4 35. b7 1-0

[Event "Titled Tuesday intern op 11th Feb Early"]
[Site "Chess.com INT"]
[Date "2025.02.11"]
[Round "9"]
[White "Rupesh, Reddy Y"]
[Black "Argote Heredia, Valentina"]
[Result "1/2-1/2"]
[WhiteElo "2011"]
[BlackElo "2071"]
[PlyCount "81"]
[EventDate "2025.02.11"]
[EventType "swiss (blitz)"]
[EventRounds "11"]
[EventCountry "USA"]
[SourceTitle "CB08_2025"]
[SourceDate "2025.02.19"]
[SourceVersion "1"]
[SourceVersionDate "2025.02.19"]
[SourceQuality "1"]

1. d4 Nf6 2. c4 e6 3. Nc3 Bb4 4. Bd2 c5 5. e3 0-0 6. Nf3 d5 7. cxd5 Bxc3 8. bxc3 Nxd5 9. Bd3 Nc6 10. 0-0 cxd4 11. cxd4 h6 12. a3 e5 13. e4 Nde7 14. d5 Bg4 15. Be3 Nb8 16. h3 Bxf3 17. Qxf3 Nd7 18. Rac1 Rc8 19. Qe2 a6 20. f4 exf4 21. Bxf4 Ng6 22. Bg3 Nge5 23. Bb1 Qb6+ 24. Bf2 Qa5 25. Qb2 b5 26. Bd4 f6 27. Rfd1 Qa4 28. Bc2 Qa5 29. Bb3 Kh7 30. d6 Nc4 31. Bxc4 bxc4 32. Qc2 Ne5 33. Bxe5 fxe5 34. Rd5 Qb6+ 35. Kh1 Rf2 36. Qd1 Qb2 37. Rb1 Qa2 38. Ra1 Qb2 39. Rb1 Qa2 40. Ra1 Qb2 41. Rb1 1/2-1/2

[Event "Titled Tuesday intern op 11th Feb Early"]
[Site "Chess.com INT"]
[Date "2025.02.11"]
[Round "3"]
[White "Rupesh, Reddy Y"]
[Black "Biastoch, Bennet"]
[Result "1-0"]
[WhiteElo "2011"]
[BlackElo "2213"]
[PlyCount "63"]
[EventDate "2025.02.11"]
[EventType "swiss (blitz)"]
[EventRounds "11"]
[EventCountry "USA"]
[SourceTitle "CB09_2025"]
[SourceDate "2025.02.27"]
[SourceVersion "1"]
[SourceVersionDate "2025.02.27"]
[SourceQuality "1"]

1. d4 d5 2. c4 e6 3. Nc3 c6 4. Nf3 Nf6 5. e3 Nbd7 6. Bd3 dxc4 7. Bxc4 b5 8. Bd3 b4 9. Ne4 Nxe4 10. Bxe4 Bb7 11. 0-0 Be7 12. Bd2 0-0 13. Rc1 Rc8 14. Qa4 Qb6 15. a3 Nf6 16. Bd3 a5 17. Ne5 Rfd8 18. Rfd1 c5 19. Nc4 Qa6 20. Nxa5 Qxd3 21. Nxb7 Rd7 22. Bxb4 Qe2 23. Nxc5 Bxc5 24. Bxc5 Qxb2 25. Rc2 Qb7 26. Bb4 Rxc2 27. Qxc2 h5 28. Rc1 Qd5 29. h3 Ne4 30. Qc6 Qf5 31. f3 Qg5 32. Qxe4 1-0

[Event "Titled Tuesday intern op 11th Feb Early"]
[Site "Chess.com INT"]
[Date "2025.02.11"]
[Round "1"]
[White "Rupesh, Reddy Y"]
[Black "Mamedov, Edgar"]
[Result "0-1"]
[WhiteElo "2011"]
[BlackElo "2456"]
[PlyCount "136"]
[EventDate "2025.02.11"]
[EventType "swiss (blitz)"]
[EventRounds "11"]
[EventCountry "USA"]
[SourceTitle "CB09_2025"]
[SourceDate "2025.02.27"]
[SourceVersion "1"]
[SourceVersionDate "2025.02.27"]
[SourceQuality "1"]

1. d4 Nf6 2. c4 g6 3. Nc3 Bg7 4. e4 d6 5. Nf3 0-0 6. Be2 e5 7. d5 a5 8. 0-0 Na6 9. Be3 Ng4 10. Bg5 f6 11. Bd2 Nc5 12. h3 Nh6 13. Be3 b6 14. a3 f5 15. Qd2 Nb3 16. Qc2 Nxa1 17. Rxa1 f4 18. Bd2 g5 19. Nh2 Qe8 20. Rb1 Qg6 21. f3 Nf7 22. Nb5 Bd7 23. Nxc7 Rac8 24. Ne6 Bxe6 25. dxe6 Qxe6 26. b4 axb4 27. Rxb4 Rc6 28. Qb3 Qd7 29. Be1 Qc7 30. Bf2 Rb8 31. a4 Qa7 32. Rb5 Bf6 33. a5 Bd8 34. Nf1 Kg7 35. Nd2 h5 36. Nb1 g4 37. fxg4 hxg4 38. Bxg4 Ng5 39. Nc3 Qf7 40. Nd5 Nxe4 41. axb6 Nxf2 42. Kxf2 e4 43. Qc3+ Bf6 44. Qc2 Bd4+ 45. Ke2 f3+ 46. gxf3 exf3+ 47. Kf1 Re8 48. b7 Re2 49. Qd3 Rf2+ 50. Ke1 Qe8+ 51. Kd1 Ba7 52. Bxf3 Ra6 53. Qc3+ Qe5 54. Qxe5+ dxe5 55. Ke1 Ra1+ 56. Bd1 Rh2 57. Ne3 Rh1+ 58. Ke2 Ra2+ 59. Kf3 Re1 60. Ke4 Rxe3+ 61. Kd5 Rd2+ 62. Kc6 Rxd1 63. Ra5 Bb8 64. Ra8 Rd6+ 65. Kb5 Rb3+ 66. Ka4 Rxb7 67. c5 Rd1 68. c6 Ra1# 0-1

[Event "Titled Tuesday intern op 11th Feb Early"]
[Site "Chess.com INT"]
[Date "2025.02.11"]
[Round "10"]
[White "Sitnic, Adnan"]
[Black "Rupesh, Reddy Y"]
[Result "1-0"]
[WhiteElo "2105"]
[BlackElo "2011"]
[PlyCount "71"]
[EventDate "2025.02.11"]
[EventType "swiss (blitz)"]
[EventRounds "11"]
[EventCountry "USA"]
[SourceTitle "CB08_2025"]
[SourceDate "2025.02.19"]
[SourceVersion "1"]
[SourceVersionDate "2025.02.19"]
[SourceQuality "1"]

1. e4 c5 2. f4 d6 3. Nf3 Nf6 4. Bb5+ Bd7 5. Bxd7+ Nbxd7 6. d3 e5 7. 0-0 Be7 8. Nc3 0-0 9. Qe1 Kh8 10. f5 Nb6 11. Ng5 h6 12. Nf3 Re8 13. Qg3 Bf8 14. Qh3 Nh7 15. g4 Be7 16. a4 Ng5 17. Nxg5 Bxg5 18. a5 Nd7 19. Nd5 Bxc1 20. Raxc1 Qg5 21. Nc7 Nf6 22. Kh1 Nxg4 23. Qg2 Qh5 24. Rf3 Nf6 25. Rg1 Qg5 26. Qxg5 hxg5 27. Rxg5 Rf8 28. Nxa8 Rxa8 29. Rh3+ Kg8 30. Rhg3 Ne8 31. h4 Kf8 32. h5 b6 33. f6 gxf6 34. Rg8+ Ke7 35. h6 bxa5 36. h7 1-0

[Event "Titled Tuesday intern op 28th Jan Early"]
[Site "Chess.com INT"]
[Date "2025.01.28"]
[Round "1"]
[White "Arabidze, Meri"]
[Black "Rupesh, Reddy Y"]
[Result "0-1"]
[WhiteElo "2457"]
[BlackElo "2151"]
[PlyCount "96"]
[EventDate "2025.01.28"]
[EventType "swiss (blitz)"]
[EventRounds "11"]
[EventCountry "USA"]
[SourceTitle "CB06_2025"]
[SourceDate "2025.02.05"]
[SourceVersion "1"]
[SourceVersionDate "2025.02.05"]
[SourceQuality "1"]

1. d4 Nf6 2. c4 e6 3. Nf3 Be7 4. g3 0-0 5. Bg2 d5 6. 0-0 c6 7. Qc2 Na6 8. b3 b6 9. Bf4 Bb7 10. Nc3 Rc8 11. Rfd1 c5 12. dxc5 bxc5 13. Nb5 Qb6 14. Ne5 Rfd8 15. a4 Nb4 16. Qb2 a5 17. e3 Nd7 18. Nxd7 Rxd7 19. Be5 Bf8 20. h4 Rcd8 21. Qe2 dxc4 22. Rxd7 Rxd7 23. Bxb7 Qxb7 24. Qxc4 Qf3 25. Qf4 Rd1+ 26. Rxd1 Qxd1+ 27. Kh2 Nd3 28. Qc4 Nxe5 29. Qc3 Nd3 30. Qxa5 Nxf2 31. Qa8 Ng4+ 32. Kg2 Nxe3+ 33. Kf2 Qd2+ 34. Kg1 Qe1+ 35. Kh2 Qf2+ 36. Kh3 Nf5 37. Qb8 h5 38. Qf4 Qc2 39. Qc4 Qd1 40. Qe4 Qf1+ 41. Kh2 Qd1 42. a5 Qxb3 43. a6 Qxg3+ 44. Kh1 Qh3+ 45. Kg1 Qg3+ 46. Kh1 Qb3 47. a7 Ng3+ 48. Kg2 Nxe4 0-1

[Event "Titled Tuesday intern op 28th Jan Early"]
[Site "Chess.com INT"]
[Date "2025.01.28"]
[Round "4"]
[White "Ince, Taylan Ruzgar"]
[Black "Rupesh, Reddy Y"]
[Result "0-1"]
[WhiteElo "2246"]
[BlackElo "2151"]
[PlyCount "86"]
[EventDate "2025.01.28"]
[EventType "swiss (blitz)"]
[EventRounds "11"]
[EventCountry "USA"]
[SourceTitle "CB06_2025"]
[SourceDate "2025.02.05"]
[SourceVersion "1"]
[SourceVersionDate "2025.02.05"]
[SourceQuality "1"]

1. e4 c5 2. Nf3 d6 3. Bb5+ Bd7 4. c4 Bxb5 5. cxb5 Nf6 6. Nc3 e6 7. 0-0 Be7 8. d4 cxd4 9. Qxd4 0-0 10. Bg5 h6 11. Bh4 Nbd7 12. Rfd1 Qb6 13. Bg3 Qxd4 14. Nxd4 Nc5 15. f3 Rac8 16. Rac1 Rfd8 17. b4 Ncd7 18. a3 Nb6 19. Nce2 Nc4 20. a4 d5 21. e5 Nd7 22. f4 Bxb4 23. f5 Ne3 24. Rxc8 Rxc8 25. Rb1 Bc5 26. fxe6 fxe6 27. Bf2 Ng4 28. Bg3 Ndxe5 29. h3 Bxd4+ 30. Nxd4 Rc3 31. Bxe5 Nxe5 32. Nxe6 Kf7 33. Nd8+ Ke7 34. Nxb7 d4 35. a5 d3 36. Kf2 Nc4 37. b6 axb6 38. a6 d2 39. Na5 Rc1 40. a7 d1Q 41. a8Q Qd4+ 42. Kg3 Qe5+ 43. Kf2 Qe3# 0-1

[Event "Titled Tuesday intern op 28th Jan Early"]
[Site "Chess.com INT"]
[Date "2025.01.28"]
[Round "5"]
[White "Rupesh, Reddy Y"]
[Black "Gabrielian, Artur"]
[Result "1-0"]
[WhiteElo "2151"]
[BlackElo "2419"]
[PlyCount "83"]
[EventDate "2025.01.28"]
[EventType "swiss (blitz)"]
[EventRounds "11"]
[EventCountry "USA"]
[SourceTitle "CB06_2025"]
[SourceDate "2025.02.05"]
[SourceVersion "1"]
[SourceVersionDate "2025.02.05"]
[SourceQuality "1"]

1. d4 Nf6 2. c4 e6 3. Nf3 d5 4. Bg5 Be7 5. Nc3 0-0 6. e3 h6 7. Bh4 b6 8. Rc1 Bb7 9. Bxf6 Bxf6 10. cxd5 exd5 11. Bd3 c5 12. 0-0 Re8 13. Re1 Nd7 14. Bf5 Nf8 15. dxc5 bxc5 16. Na4 c4 17. Nd4 Qa5 18. Nc3 Rab8 19. Rb1 Red8 20. Qg4 Re8 21. Bc2 Qb6 22. Red1 Rbd8 23. Nce2 Re5 24. Nf4 Rg5 25. Qe2 Re8 26. h4 Rge5 27. Qg4 Bc8 28. Qg3 Kh8 29. Nf3 Bb7 30. Nxe5 Bxe5 31. Qg4 d4 32. exd4 Bf6 33. Nh5 Qd6 34. Nxf6 Qxf6 35. Re1 Rd8 36. Rbd1 Ne6 37. Be4 Bxe4 38. Rxe4 Rd5 39. Qe2 Kh7 40. Re5 Rxd4 41. Rxd4 Nxd4 42. Qe4+ 1-0

[Event "Titled Tuesday intern op 28th Jan Early"]
[Site "Chess.com INT"]
[Date "2025.01.28"]
[Round "11"]
[White "Teterev, Vitaly"]
[Black "Rupesh, Reddy Y"]
[Result "1-0"]
[WhiteElo "2257"]
[BlackElo "2151"]
[PlyCount "55"]
[EventDate "2025.01.28"]
[EventType "swiss (blitz)"]
[EventRounds "11"]
[EventCountry "USA"]
[SourceTitle "CB06_2025"]
[SourceDate "2025.02.05"]
[SourceVersion "1"]
[SourceVersionDate "2025.02.05"]
[SourceQuality "1"]

1. e4 c5 2. Nf3 d6 3. Bc4 Nf6 4. Qe2 Nc6 5. 0-0 e6 6. Bb3 Be7 7. c3 0-0 8. d4 cxd4 9. cxd4 d5 10. e5 Ne4 11. Nc3 f5 12. exf6 Nxf6 13. Bg5 h6 14. Bh4 Ne4 15. Bxe7 Nxc3 16. bxc3 Qxe7 17. Rfe1 Qf6 18. Ba4 Bd7 19. Bxc6 bxc6 20. Ne5 Be8 21. Rab1 Rc8 22. Rb2 c5 23. Qa6 cxd4 24. Qxc8 d3 25. Qc5 Ba4 26. Nxd3 a6 27. Qd4 Qf7 28. Qxa4 1-0

[Event "Titled Tuesday intern op 24th Sep Late"]
[Site "Chess.com INT"]
[Date "2024.09.24"]
[Round "4"]
[White "Badacsonyi, Frankie"]
[Black "Rupesh, Reddy Y"]
[Result "1-0"]
[WhiteElo "2245"]
[BlackElo "2227"]
[PlyCount "115"]
[EventDate "2024.09.24"]
[EventType "swiss (blitz)"]
[EventRounds "11"]
[EventCountry "USA"]
[SourceTitle "EXT 2025"]
[Source "ChessBase"]
[SourceDate "2024.10.14"]
[SourceVersion "1"]
[SourceVersionDate "2024.10.14"]
[SourceQuality "1"]

1. d4 d5 2. c4 e6 3. Nf3 Be7 4. g3 Nf6 5. Bg2 0-0 6. 0-0 c6 7. Nc3 b6 8. Ne5 Bb7 9. e4 dxc4 10. Nxc4 Ba6 11. b3 b5 12. Ne3 b4 13. Ne2 e5 14. Nc4 exd4 15. Qxd4 Qxd4 16. Nxd4 Bc5 17. Bb2 Nbd7 18. Nxc6 Rac8 19. N6e5 Nxe5 20. Bxe5 Ng4 21. Bb2 Rfd8 22. Bh3 Bxc4 23. Bxg4 Bxf1 24. Bxc8 Bb5 25. Rc1 Bxf2+ 26. Kxf2 Rd2+ 27. Ke3 Rxb2 28. Rc5 Be8 29. Ba6 Kf8 30. Ra5 Rxh2 31. Bc4 Rg2 32. Kf3 Rc2 33. Rxa7 Rc3+ 34. Kf2 g5 35. Ra5 h6 36. Ra6 Kg7 37. Rb6 Rc2+ 38. Ke3 Rxa2 39. Rxb4 g4 40. Rb7 Rg2 41. Kf4 h5 42. e5 Rf2+ 43. Kg5 Rf3 44. e6 Kf8 45. exf7 Bc6 46. Rb8+ Ke7 47. Kxh5 Bd7 48. Kg5 Rf5+ 49. Kg6 Rf3 50. Rb7 Rf6+ 51. Kg7 Rf3 52. Rxd7+ Kxd7 53. f8Q Rxf8 54. Kxf8 Kd6 55. Kg7 Ke5 56. Kg6 Ke4 57. Kh5 Kf3 58. Kh4 1-0

[Event "Titled Tuesday intern op 24th Sep Early"]
[Site "Chess.com INT"]
[Date "2024.09.24"]
[Round "2"]
[White "Daulet, Alikhan"]
[Black "Rupesh, Reddy Y"]
[Result "1-0"]
[WhiteElo "2004"]
[BlackElo "2227"]
[PlyCount "77"]
[EventDate "2024.09.24"]
[EventType "swiss (blitz)"]
[EventRounds "11"]
[EventCountry "USA"]
[SourceTitle "EXT 2025"]
[Source "ChessBase"]
[SourceDate "2024.10.14"]
[SourceVersion "1"]
[SourceVersionDate "2024.10.14"]
[SourceQuality "1"]

1. d4 d5 2. c4 e6 3. Nf3 Be7 4. g3 Nf6 5. Bg2 0-0 6. 0-0 c6 7. Qc2 Nbd7 8. Rd1 b6 9. Nbd2 Ba6 10. b3 Rc8 11. Bb2 c5 12. Rac1 Qc7 13. Qb1 Qb8 14. e4 dxe4 15. Nxe4 Nxe4 16. Qxe4 Nf6 17. Qe2 Rfe8 18. Ne5 Bb7 19. dxc5 Bxg2 20. Kxg2 Bxc5 21. Qf3 Rcd8 22. Nc6 Rxd1 23. Rxd1 Qa8 24. b4 Bf8 25. Bxf6 gxf6 26. b5 f5 27. Rd7 Bg7 28. Rxa7 Qc8 29. Ne7+ Rxe7 30. Ra8 Rc7 31. Rxc8+ Rxc8 32. Qb7 Rxc4 33. Qxb6 Bd4 34. Qd8+ Kg7 35. b6 Rb4 36. b7 Be5 37. Qc8 f4 38. Qc5 Re4 39. Qxe5+ 1-0

[Event "Titled Tuesday intern op 24th Sep Late"]
[Site "Chess.com INT"]
[Date "2024.09.24"]
[Round "6"]
[White "Metin, Enis"]
[Black "Rupesh, Reddy Y"]
[Result "0-1"]
[WhiteElo "2030"]
[BlackElo "2227"]
[PlyCount "48"]
[EventDate "2024.09.24"]
[EventType "swiss (blitz)"]
[EventRounds "11"]
[EventCountry "USA"]
[SourceTitle "EXT 2025"]
[Source "ChessBase"]
[SourceDate "2024.10.14"]
[SourceVersion "1"]
[SourceVersionDate "2024.10.14"]
[SourceQuality "1"]

1. e4 c5 2. Nf3 d6 3. d4 cxd4 4. Nxd4 Nf6 5. Nc3 a6 6. Bg5 e6 7. f4 Qb6 8. a3 Nc6 9. Nb3 Qe3+ 10. Qe2 Ng4 11. h3 Qg3+ 12. Kd2 Nf2 13. Rg1 Nxh3 14. Rh1 Nxg5 15. fxg5 Qxg5+ 16. Qe3 Qxe3+ 17. Kxe3 Be7 18. Bd3 Ne5 19. Raf1 Nxd3 20. cxd3 Bf6 21. d4 Bd7 22. d5 Rc8 23. Rc1 Ke7 24. Nd4 Bg5+ 0-1

[Event "Titled Tuesday intern op 24th Sep Early"]
[Site "Chess.com INT"]
[Date "2024.09.24"]
[Round "6"]
[White "Rupesh, Reddy Y"]
[Black "Amanov, Zhanibek"]
[Result "1-0"]
[WhiteElo "2227"]
[BlackElo "2275"]
[PlyCount "79"]
[EventDate "2024.09.24"]
[EventType "swiss (blitz)"]
[EventRounds "11"]
[EventCountry "USA"]
[SourceTitle "EXT 2025"]
[Source "ChessBase"]
[SourceDate "2024.10.14"]
[SourceVersion "1"]
[SourceVersionDate "2024.10.14"]
[SourceQuality "1"]

1. d4 d5 2. c4 e6 3. Nf3 Nf6 4. g3 c5 5. Bg2 Nc6 6. Nc3 cxd4 7. Nxd4 Bc5 8. Nb3 Bb6 9. cxd5 exd5 10. Nxd5 Be6 11. Nxb6 Qxd1+ 12. Kxd1 Rd8+ 13. Bd2 axb6 14. e3 0-0 15. Rc1 Ra8 16. Bxc6 bxc6 17. Nd4 Bxa2 18. Nxc6 Bd5 19. Ne7+ Kh8 20. Nxd5 Nxd5 21. Ke2 Rfd8 22. Bc3 Ra2 23. Bd4 h6 24. Ra1 Rda8 25. Rxa2 Rxa2 26. Rc1 Kh7 27. Rc6 Ra5 28. Bxb6 Ra6 29. Rd6 Nxb6 30. Kf3 f6 31. b4 Kg6 32. b5 Ra4 33. Rxb6 Rb4 34. Rb8 Kf5 35. b6 h5 36. h3 g6 37. b7 Kg5 38. h4+ Kf5 39. e4+ Rxe4 40. Rf8 1-0

[Event "Titled Tuesday intern op 24th Sep Late"]
[Site "Chess.com INT"]
[Date "2024.09.24"]
[Round "9"]
[White "Toktomushev, Teimur"]
[Black "Rupesh, Reddy Y"]
[Result "1-0"]
[WhiteElo "2274"]
[BlackElo "2227"]
[PlyCount "101"]
[EventDate "2024.09.24"]
[EventType "swiss (blitz)"]
[EventRounds "11"]
[EventCountry "USA"]
[SourceTitle "EXT 2025"]
[Source "ChessBase"]
[SourceDate "2024.10.14"]
[SourceVersion "1"]
[SourceVersionDate "2024.10.14"]
[SourceQuality "1"]

1. d4 d5 2. c4 e6 3. Nc3 Be7 4. Nf3 Nf6 5. Bf4 0-0 6. e3 a6 7. Rc1 Nbd7 8. Qc2 dxc4 9. Bxc4 b5 10. Bd3 c5 11. 0-0 Bb7 12. Be2 cxd4 13. exd4 Rc8 14. Ne5 Nxe5 15. Bxe5 b4 16. Qb3 Qd7 17. Na4 Rc6 18. Nc5 Qc8 19. Qxb4 Ba8 20. Bf3 Nd5 21. Bxd5 exd5 22. Qa4 Bxc5 23. Rxc5 Rxc5 24. dxc5 Qxc5 25. Qxa6 d4 26. Bg3 Qd5 27. f3 d3 28. Rd1 d2 29. Qe2 Rd8 30. Bf4 Qd4+ 31. Be3 Qxb2 32. Rxd2 Rxd2 33. Bxd2 Qb6+ 34. Kh1 Bc6 35. Be1 h6 36. h3 Bb5 37. Qd2 Bc4 38. Bf2 Qb1+ 39. Kh2 Qxa2 40. Qd8+ Kh7 41. Qh4 Be6 42. Qe4+ g6 43. Bd4 Qd5 44. Qf4 Qf5 45. Qb8 Bc8 46. Qd6 h5 47. Qd8 Qf4+ 48. Kg1 Qc1+ 49. Kf2 Qd2+ 50. Kg3 Qg5+ 51. Qxg5 1-0

[Event "Titled Tuesday intern op 17th Sep Early"]
[Site "Chess,com INT"]
[Date "2024.09.17"]
[Round "8"]
[White "Hoang, Thi Bao Tram"]
[Black "Rupesh, Reddy Y"]
[Result "1-0"]
[WhiteElo "2193"]
[BlackElo "2227"]
[PlyCount "47"]
[EventDate "2024.09.17"]
[EventType "swiss (blitz)"]
[EventRounds "11"]
[EventCountry "USA"]
[SourceTitle "EXT 2025"]
[Source "ChessBase"]
[SourceDate "2024.10.14"]
[SourceVersion "1"]
[SourceVersionDate "2024.10.14"]
[SourceQuality "1"]

1. d4 d5 2. c4 e6 3. Nc3 Be7 4. Bf4 Nf6 5. e3 0-0 6. cxd5 exd5 7. Bd3 c5 8. dxc5 Bxc5 9. Nge2 Nc6 10. a3 d4 11. Na4 dxe3 12. Nxc5 exf2+ 13. Kf1 Qd5 14. b4 Kh8 15. Be4 Qh5 16. Bf3 Bg4 17. Ng3 Bxf3 18. Qxf3 Qg6 19. Kxf2 Rfe8 20. Rhe1 Nd4 21. Qd3 Qg4 22. Qxd4 Rad8 23. Rxe8+ Rxe8 24. Re1 1-0